00571nam a22001697a 4500003000500000005001700005008004100022040001300063082000800076100002300084245011400107260003100221300001100252650004700263700003300310856005800343Nust20241030160254.0170216b xxu||||| |||| 00| 0 eng d cNust-MCE a200 aSayyed Awais Ullah aEvaluation of project time and cost management in the construction industry of Pakistan/ cSayyed Awais Ullah aRisalpurbMCE NUST;cc2014 a49 p.: aMS-Construction Engineering and Management aSupervisor:Dr. Sarfraz Ahmed u http://10.250.8.41:8080/xmlui/handle/123456789/11792